Barcelona UEFA Champions League - Estadísticas

Estadísticas generales
  • Esta prueba ha sido intentada 330 veces
  • La puntuación promedio es 5 de 5
Estadísticas de respuestas
Hint Respuesta % Correcto
5ta 2015
99%
3ra 2009
97%
4ta 2011
96%
2da 2006
92%
1ra 1992
81%
No se encontraron pruebas coincidentes
Distribución de puntuación
Porcentaje de gente con cada puntuación
Porcentaje por número respondido
Historial de tus puntuaciones
No has intentado esta prueba.